Normal view
MARC view
Entry Topical Term
001 - CONTROL NUMBER
- control field: 15374
003 - CONTROL NUMBER IDENTIFIER
- control field: OSt
005 - DATE AND TIME OF LATEST TRANSACTION
- control field: 20250321050045.0
008 - FIXED-LENGTH DATA ELEMENTS
- fixed length control field: 250321|| aca||aabn | a|a d
040 ## - CATALOGING SOURCE
- Original cataloging agency: OSt
- Transcribing agency: OSt
150 ## - HEADING--TOPICAL TERM
- Topical term or geographic name entry element: Associate in Computer Technology (ACT)
670 ## - SOURCE DATA FOUND
- Source citation: Work cat.: (OSt)3956: Arahan, Reynalin Y., author. 14887, Employability of the graduates of Bachelor of Science in Hotel and Restaurant Management and Associate in Computer Technology S.Y. 2001-2002 to 2002-2003, 2006
